000 00202 a2200097 4500
001 11912
100 _aSmith, A.D.
245 _aNationalist movements
260 _a
_bMacmillan
_c
090 _c9166
_d9166
942 _aNUST-CAE
_cM
_c36007
999 _c246985
_d246985